000 00370 a2200145 4500
020 _a8125904409
082 _a658
090 _c5180
_d5180
100 _aDaya Narain
245 _aManagement Terms and Concepts
_cDaya Narain
260 _aNew Delhi, India
_bVikas Publishing House Pvt. Ltd.
_c1997
300 _a268
500 _ahardcover
942 _aNBS
_cBK
_k658 NAR
999 _c347599
_d347599